00425nam a2200169Ia 450000500170000000800410001704000190005804100120007708200170008910000190010624500380012526000330016330000150019650400180021165000150022985000110024420240322124411.0131103s9999 xx 000 0 und d aLoreto College aEnglish a370.15 bBON aBono Edward de aTeaching ThinkingcEdward de Bono aHarmondsworthbPenguinc1976 a271pb ill aInludes index aPsychology aLCBED